| 000 | 00848cab a2200253 4500 | ||
|---|---|---|---|
| 001 | WB3312-11 | ||
| 008 | 090401t1997 xxu||||| |||| 00| 0 eng d | ||
| 035 | _a(Sirsi) u77198 | ||
| 041 | _aeng | ||
| 245 | _aFuture viability for listed buildings | ||
| 260 | _c1997 | ||
| 350 | _a0 | ||
| 490 |
_aDoE News Release _v(151) 13 March 1997 (2) |
||
| 520 | _aPlanning Minister Robert Jones said that the planning system offers the flexibility to consider alterations and extensions to listed buildings, even in Green Belts, in order to help safeguard their future viability. | ||
| 650 | _aALTERNATIVE USES | ||
| 650 | _aGREEN BELTS | ||
| 650 | _aLISTED BUILDINGS | ||
| 650 | _aPLANNING SYSTEM | ||
| 650 | _aPPG15 | ||
| 650 | _aPLANNING POLICY GUIDANCE NOTE 2 (GREEN BELTS) | ||
| 690 | _aCONSERVATION | ||
| 942 | _n0 | ||
| 948 | _c19/03/1997 | ||
| 999 |
_c48522 _d48522 |
||